000 00208nam a22001097a 4500
999 _c31978
_d31978
003 Nust
005 20170112121902.0
008 170112b xxu||||| |||| 00| 0 eng d
040 _cC
082 _a297.4
100 _a Mufti, Mumtaz
245 _aMuftianay /
_cMumtaz Mufti
260 _aLahore
_bAl faisal
_c2008.
300 _a782
500 _aHardcover.
942 _cBK
_2ddc